Govt. of
Madhya Pradesh

The World is What It Is (Record no. 41881)

MARC details
000 -LEADER
fixed length control field 004720000a22001810004500
003 - CONTROL NUMBER IDENTIFIER
control field MACL
005 - DATE AND TIME OF LATEST TRANSACTION
control field 20151018134433.0
008 - FIXED-LENGTH DATA ELEMENTS--GENERAL INFORMATION
fixed length control field 151018b xxu||||| |||| 00| 0 eng d
040 ## - CATALOGING SOURCE
Original cataloging agency MACL
Transcribing agency MACL
041 ## - LANGUAGE CODE
Language code of text/sound track or separate title English
082 ## - DEWEY DECIMAL CLASSIFICATION NUMBER
Classification number 920/NAI
100 ## - MAIN ENTRY--PERSONAL NAME
Personal name French, Patrick
9 (RLIN) 15858
245 ## - TITLE STATEMENT
Title The World is What It Is
Remainder of title The Authorized Biography of V S Naipaul
260 ## - PUBLICATION, DISTRIBUTION, ETC. (IMPRINT)
Name of publisher, distributor, etc. Picador
Date of publication, distribution, etc. 2008
Place of publication, distribution, etc. Noida
350 ## - PRICE (NR) (BK AM CF MU VM SE) [OBSOLETE]
Price 595
650 ## - SUBJECT ADDED ENTRY--TOPICAL TERM
Topical term or geographic name as entry element Biography
9 (RLIN) 15859
942 ## - ADDED ENTRY ELEMENTS (KOHA)
Koha item type Books
Call number prefix 920/NAI
Source of classification or shelving scheme
Holdings
Withdrawn status Lost status Source of classification or shelving scheme Damaged status Not for loan Home library Current library Date acquired Cost, normal purchase price Total Checkouts Full call number Barcode Date last seen Uniform Resource Identifier Price effective from Koha item type
          MACL MACL 15/04/2015 595.00   920/NAI CRE024330 02/05/2024 42149 15/04/2015 Books